[Event "eytcc"]
[Site "?"]
[Date "2017.08.22"]
[Round "6.36"]
[White "Sahidi, Samir"]
[Black "Chodorowski, Adrian"]
[Result "1-0"]
[BlackElo "1330"]
[WhiteElo "2212"]
[LiveChessVersion "1.4.4"]

1. Nf3 {[%clk 1:30:56]} c5 {[%clk 1:29:59]} 2. c4 {[%clk 1:30:00]} Nc6
{[%clk 1:30:10]} 3. Nc3 {[%clk 1:30:02]} g6 {[%clk 1:30:17]} 4. g3
{[%clk 1:29:38]} Bg7 {[%clk 1:30:40]} 5. Bg2 {[%clk 1:29:49]} Nf6
{[%clk 1:30:43]} 6. d4 {[%clk 1:29:29]} cxd4 {[%clk 1:30:22]} 7. Nxd4
{[%clk 1:29:48]} O-O {[%clk 1:29:44]} 8. O-O {[%clk 1:28:26]} a6 {[%clk 1:19:10]}
9. c5 {[%clk 1:24:50]} Nh5 {[%clk 0:30:14]} 10. Be3 {[%clk 1:19:47]} Nxd4
{[%clk 0:27:02]} 11. Bxd4 {[%clk 1:20:04]} Bxd4 {[%clk 0:27:06]} 12. Qxd4
{[%clk 1:20:25]} Nf6 {[%clk 0:26:21]} 13. Rad1 {[%clk 1:19:50]} Qc7
{[%clk 0:25:08]} 14. e4 {[%clk 1:19:22]} Re8 {[%clk 0:07:00]} 15. e5
{[%clk 1:19:02]} Nh5 {[%clk 0:06:50]} 16. Nd5 {[%clk 1:19:04]} Qd8
{[%clk 0:04:43]} 17. Rfe1 {[%clk 1:16:41]} Rb8 {[%clk 0:03:58]} 18. b4
{[%clk 1:16:15]} Ng7 {[%clk 0:02:07]} 19. f4 {[%clk 1:14:27]} h5 {[%clk 0:01:30]}
20. h3 {[%clk 1:13:01]} d6 {[%clk 0:00:53]} 21. exd6 {[%clk 1:12:18]} Nf5
{[%clk 0:00:41]} 22. Qc3 {[%clk 1:12:35]} Be6 {[%clk 0:00:41]} 23. dxe7
{[%clk 1:12:52]} Rxe7 {[%clk 0:00:36]} 24. Nf6+ {[%clk 1:13:09]} 1-0

[Event "eytcc"]
[Site "?"]
[Date "2017.08.22"]
[Round "6.37"]
[White "Jakab, Bela"]
[Black "Murphy, Conor E"]
[Result "0-1"]
[BlackElo "2164"]
[WhiteElo "2195"]
[LiveChessVersion "1.4.4"]

1. e4 {[%clk 1:30:58]} c5 {[%clk 1:30:41]} 2. Nf3 {[%clk 1:31:19]} e6
{[%clk 1:30:59]} 3. c3 {[%clk 1:31:43]} Nf6 {[%clk 1:30:58]} 4. d3
{[%clk 1:31:57]} Nc6 {[%clk 1:29:51]} 5. Bg5 {[%clk 1:31:49]} Be7
{[%clk 1:27:56]} 6. Be2 {[%clk 1:30:37]} O-O {[%clk 1:26:07]} 7. O-O
{[%clk 1:30:00]} d6 {[%clk 1:24:08]} 8. Nbd2 {[%clk 1:25:55]} h6 {[%clk 1:22:26]}
9. Bh4 {[%clk 1:25:32]} Bd7 {[%clk 1:19:54]} 10. Ne1 {[%clk 1:15:09]} b5
{[%clk 1:13:10]} 11. f4 {[%clk 1:13:38]} b4 {[%clk 1:12:06]} 12. Nc2
{[%clk 1:04:20]} a5 {[%clk 1:04:01]} 13. Kh1 {[%clk 0:55:41]} a4 {[%clk 0:59:21]}
14. cxb4 {[%clk 0:48:47]} cxb4 {[%clk 0:56:16]} 15. Bf2 {[%clk 0:48:28]} e5
{[%clk 0:48:39]} 16. Nc4 {[%clk 0:37:47]} exf4 {[%clk 0:33:40]} 17. Nb6
{[%clk 0:37:23]} Rb8 {[%clk 0:33:42]} 18. Nxd7 {[%clk 0:37:45]} Qxd7
{[%clk 0:33:59]} 19. Nd4 {[%clk 0:37:27]} Nxd4 {[%clk 0:22:12]} 20. Bxd4
{[%clk 0:37:49]} Ne8 {[%clk 0:15:33]} 21. Bg4 {[%clk 0:34:08]} Qb5
{[%clk 0:15:12]} 22. Rxf4 {[%clk 0:18:50]} Qa5 {[%clk 0:10:17]} 23. Qf3
{[%clk 0:12:32]} Bg5 {[%clk 0:08:12]} 24. Rf5 {[%clk 0:12:44]} Rb5
{[%clk 0:08:27]} 25. Rf1 {[%clk 0:07:58]} Rxf5 {[%clk 0:07:58]} 26. Qxf5
{[%clk 0:08:21]} Qxf5 {[%clk 0:07:54]} 27. Rxf5 {[%clk 0:08:44]} Bf6
{[%clk 0:07:48]} 28. Rd5 {[%clk 0:08:31]} a3 {[%clk 0:04:39]} 29. b3
{[%clk 0:06:13]} Nc7 {[%clk 0:04:57]} 30. Rxd6 {[%clk 0:05:58]} Nb5
{[%clk 0:05:23]} 31. Bxf6 {[%clk 0:05:56]} Nxd6 {[%clk 0:05:48]} 32. Be7
{[%clk 0:06:18]} Nb5 {[%clk 0:06:14]} 33. Bd7 {[%clk 0:05:25]} Nc3
{[%clk 0:05:26]} 34. Bxb4 {[%clk 0:05:33]} Nxa2 {[%clk 0:05:05]} 35. Bxa3
{[%clk 0:05:50]} Ra8 {[%clk 0:04:17]} 36. Ba4 {[%clk 0:05:07]} Nc3
{[%clk 0:04:33]} 37. h3 {[%clk 0:03:29]} Nxa4 {[%clk 0:04:49]} 38. bxa4
{[%clk 0:03:54]} Rxa4 {[%clk 0:04:37]} 39. Bc5 {[%clk 0:04:16]} h5
{[%clk 0:03:09]} 40. e5 {[%clk 0:32:05]} Kh7 {[%clk 0:33:04]} 41. Kh2
{[%clk 0:26:06]} Kg6 {[%clk 0:33:01]} 42. Kg3 {[%clk 0:25:38]} Kf5
{[%clk 0:33:18]} 43. d4 {[%clk 0:25:33]} Ke4 {[%clk 0:33:24]} 44. Kh4
{[%clk 0:25:39]} Ra2 {[%clk 0:31:26]} 45. g3 {[%clk 0:24:14]} Rg2
{[%clk 0:31:24]} 46. Bf8 {[%clk 0:19:52]} g6 {[%clk 0:31:20]} 47. Bc5
{[%clk 0:20:06]} Kf5 {[%clk 0:30:52]} 48. Be7 {[%clk 0:18:41]} Rg1
{[%clk 0:30:29]} 49. Bd8 {[%clk 0:18:23]} Rd1 {[%clk 0:29:42]} 50. Bb6
{[%clk 0:18:15]} Re1 {[%clk 0:29:20]} 51. g4+ {[%clk 0:15:26]} hxg4
{[%clk 0:29:17]} 52. hxg4+ {[%clk 0:15:49]} Kf4 {[%clk 0:29:34]} 53. Kh3
{[%clk 0:16:10]} Re3+ {[%clk 0:29:40]} 54. Kg2 {[%clk 0:16:28]} Rd3
{[%clk 0:29:47]} 55. Kf2 {[%clk 0:16:34]} Rd2+ {[%clk 0:29:36]} 56. Ke1
{[%clk 0:16:53]} Rb2 {[%clk 0:30:00]} 57. Ba5 {[%clk 0:13:11]} Kxg4
{[%clk 0:30:07]} 58. Bc3 {[%clk 0:12:59]} Rb5 {[%clk 0:29:32]} 59. Ke2
{[%clk 0:13:00]} Kf4 {[%clk 0:28:46]} 60. Kd3 {[%clk 0:13:19]} Rd5
{[%clk 0:28:35]} 61. Bd2+ {[%clk 0:13:21]} Kf5 {[%clk 0:28:07]} 62. Ke3
{[%clk 0:12:54]} g5 {[%clk 0:28:00]} 63. Be1 {[%clk 0:12:41]} g4 {[%clk 0:28:17]}
64. Bg3 {[%clk 0:12:34]} Rb5 {[%clk 0:28:29]} 65. Bh4 {[%clk 0:12:16]} Rb3+
{[%clk 0:28:49]} 66. Kf2 {[%clk 0:12:40]} Ke4 {[%clk 0:29:00]} 67. Bf6
{[%clk 0:12:56]} Rf3+ {[%clk 0:28:52]} 68. Kg2 {[%clk 0:13:20]} Kxd4
{[%clk 0:29:09]} 69. Bg7 {[%clk 0:13:10]} Ke4 {[%clk 0:29:33]} 70. Bh8
{[%clk 0:13:29]} Kf4 {[%clk 0:29:37]} 71. Bf6 {[%clk 0:13:39]} Ra3
{[%clk 0:29:41]} 72. Bg7 {[%clk 0:13:32]} Ra2+ {[%clk 0:30:03]} 73. Kg1
{[%clk 0:14:00]} Kf3 {[%clk 0:30:17]} 74. Bf6 {[%clk 0:13:31]} g3
{[%clk 0:30:37]} 75. e6 {[%clk 0:13:57]} Rd2 {[%clk 0:30:38]} 0-1

[Event "eytcc"]
[Site "?"]
[Date "2017.08.22"]
[Round "6.38"]
[White "Whatley, Stephen A J"]
[Black "Molnar, Erno"]
[Result "1-0"]
[BlackElo "2194"]
[WhiteElo "2172"]
[LiveChessVersion "1.4.4"]

1. e4 {[%clk 1:30:56]} e5 {[%clk 1:30:55]} 2. Nf3 {[%clk 1:31:13]} Nc6
{[%clk 1:31:20]} 3. Bc4 {[%clk 1:31:34]} Bc5 {[%clk 1:31:39]} 4. c3
{[%clk 1:31:47]} Nf6 {[%clk 1:31:58]} 5. d3 {[%clk 1:32:07]} a6 {[%clk 1:32:16]}
6. Bb3 {[%clk 1:31:40]} Ba7 {[%clk 1:32:09]} 7. Nbd2 {[%clk 1:30:26]} d6
{[%clk 1:30:01]} 8. h3 {[%clk 1:30:17]} O-O {[%clk 1:30:13]} 9. Nf1
{[%clk 1:30:15]} d5 {[%clk 1:25:45]} 10. Qe2 {[%clk 1:30:17]} dxe4
{[%clk 1:25:34]} 11. dxe4 {[%clk 1:30:33]} Qe7 {[%clk 1:24:53]} 12. Bg5
{[%clk 1:20:13]} Be6 {[%clk 1:19:30]} 13. Bc2 {[%clk 1:16:44]} h6
{[%clk 1:04:10]} 14. Bh4 {[%clk 1:12:43]} Rad8 {[%clk 1:03:45]} 15. Ne3
{[%clk 1:04:55]} g6 {[%clk 0:43:14]} 16. Ng4 {[%clk 0:53:50]} Bxg4
{[%clk 0:42:31]} 17. hxg4 {[%clk 0:53:58]} Kg7 {[%clk 0:42:16]} 18. g5
{[%clk 0:52:07]} hxg5 {[%clk 0:40:36]} 19. Nxg5 {[%clk 0:43:54]} Rh8
{[%clk 0:25:49]} 20. Bb3 {[%clk 0:31:48]} Ng8 {[%clk 0:22:44]} 21. Qf3
{[%clk 0:20:47]} Rf8 {[%clk 0:18:50]} 22. Nh7 {[%clk 0:14:05]} f6
{[%clk 0:13:43]} 23. Nxf8 {[%clk 0:13:07]} Qxf8 {[%clk 0:09:36]} 24. O-O-O
{[%clk 0:12:53]} Nce7 {[%clk 0:08:29]} 25. g4 {[%clk 0:10:39]} Bb6
{[%clk 0:07:55]} 26. Bxg8 {[%clk 0:08:11]} Rxg8 {[%clk 0:08:12]} 27. Bxf6+
{[%clk 0:08:19]} 1-0

[Event "eytcc"]
[Site "?"]
[Date "2017.08.22"]
[Round "6.39"]
[White "Matis, Tibor"]
[Black "Kalavannan, Koby"]
[Result "0-1"]
[BlackElo "2201"]
[WhiteElo "1947"]
[LiveChessVersion "1.4.4"]

1. e4 {[%clk 1:30:56]} c5 {[%clk 1:30:50]} 2. Nf3 {[%clk 1:31:14]} Nc6
{[%clk 1:31:10]} 3. d4 {[%clk 1:31:38]} cxd4 {[%clk 1:31:37]} 4. Nxd4
{[%clk 1:32:00]} Qb6 {[%clk 1:32:00]} 5. Nb3 {[%clk 1:31:00]} Nf6
{[%clk 1:32:19]} 6. Nc3 {[%clk 1:28:47]} e6 {[%clk 1:32:38]} 7. Be3
{[%clk 1:22:53]} Qc7 {[%clk 1:33:00]} 8. Bd3 {[%clk 1:16:51]} a6 {[%clk 1:32:50]}
9. O-O {[%clk 1:14:42]} Be7 {[%clk 1:32:11]} 10. a4 {[%clk 1:14:30]} b6
{[%clk 1:31:11]} 11. f4 {[%clk 1:12:57]} d6 {[%clk 1:28:22]} 12. Qf3
{[%clk 1:08:15]} Bb7 {[%clk 1:28:19]} 13. Qf2 {[%clk 1:07:03]} Nd7
{[%clk 1:24:21]} 14. Rae1 {[%clk 0:56:53]} Nb4 {[%clk 1:16:22]} 15. f5
{[%clk 0:43:52]} O-O {[%clk 1:08:38]} 16. Qg3 {[%clk 0:38:04]} Bf6
{[%clk 0:57:28]} 17. fxe6 {[%clk 0:37:38]} fxe6 {[%clk 0:57:24]} 18. Nd4
{[%clk 0:37:36]} Rae8 {[%clk 0:46:49]} 19. Kh1 {[%clk 0:33:06]} Nc5
{[%clk 0:33:13]} 20. Bg1 {[%clk 0:31:58]} Ncxd3 {[%clk 0:30:18]} 21. cxd3
{[%clk 0:31:00]} Bxd4 {[%clk 0:30:25]} 22. Bxd4 {[%clk 0:27:42]} Nc2
{[%clk 0:30:40]} 23. Bg1 {[%clk 0:24:23]} Nxe1 {[%clk 0:30:30]} 24. Rxe1
{[%clk 0:24:43]} Qd8 {[%clk 0:23:46]} 25. Qe3 {[%clk 0:19:27]} d5
{[%clk 0:21:55]} 26. e5 {[%clk 0:16:07]} d4 {[%clk 0:19:58]} 27. Qxd4
{[%clk 0:15:43]} Qxd4 {[%clk 0:20:00]} 28. Bxd4 {[%clk 0:16:09]} Rd8
{[%clk 0:20:12]} 29. Bxb6 {[%clk 0:13:36]} Rxd3 {[%clk 0:19:27]} 30. Ne2
{[%clk 0:08:02]} Rb3 {[%clk 0:16:32]} 31. Bd4 {[%clk 0:07:58]} Rd8
{[%clk 0:16:11]} 32. Bc3 {[%clk 0:08:14]} Bd5 {[%clk 0:11:29]} 33. Nd4
{[%clk 0:05:55]} Rb7 {[%clk 0:11:15]} 34. Kg1 {[%clk 0:05:22]} Rf8
{[%clk 0:10:01]} 35. a5 {[%clk 0:03:36]} Rbf7 {[%clk 0:09:52]} 36. Nc2
{[%clk 0:04:03]} Bxg2 {[%clk 0:05:23]} 37. Kxg2 {[%clk 0:02:56]} Rf2+
{[%clk 0:05:52]} 38. Kg1 {[%clk 0:01:17]} Rxc2 {[%clk 0:06:19]} 39. Bd4
{[%clk 0:01:42]} Rf4 {[%clk 0:04:49]} 40. Rd1 {[%clk 0:31:01]} Rg4+
{[%clk 0:34:12]} 41. Kh1 {[%clk 0:28:22]} Rgg2 {[%clk 0:33:00]} 42. Bg1
{[%clk 0:27:43]} Rgd2 {[%clk 0:33:02]} 43. Rxd2 {[%clk 0:26:47]} Rxd2
{[%clk 0:33:30]} 44. b4 {[%clk 0:27:11]} Rb2 {[%clk 0:32:24]} 45. Bc5
{[%clk 0:27:34]} g5 {[%clk 0:32:25]} 46. Be7 {[%clk 0:27:41]} g4 {[%clk 0:32:43]}
47. Kg1 {[%clk 0:27:59]} Kf7 {[%clk 0:33:10]} 48. Bc5 {[%clk 0:28:23]} Kg6
{[%clk 0:33:34]} 0-1

[Event "eytcc"]
[Site "?"]
[Date "2017.08.22"]
[Round "6.40"]
[White "Varney, Zoe"]
[Black "Bugar, Peter"]
[Result "1-0"]
[BlackElo "1807"]
[WhiteElo "2005"]
[LiveChessVersion "1.4.4"]

1. d4 {[%clk 1:30:58]} Nf6 {[%clk 1:30:52]} 2. c4 {[%clk 1:31:23]} c5
{[%clk 1:31:01]} 3. d5 {[%clk 1:31:48]} e6 {[%clk 1:31:24]} 4. Nc3
{[%clk 1:32:14]} exd5 {[%clk 1:31:45]} 5. cxd5 {[%clk 1:32:37]} d6
{[%clk 1:32:06]} 6. e4 {[%clk 1:32:59]} g6 {[%clk 1:32:31]} 7. f4
{[%clk 1:33:19]} Bg7 {[%clk 1:32:54]} 8. Bb5+ {[%clk 1:33:38]} Nfd7
{[%clk 1:33:16]} 9. a4 {[%clk 1:33:43]} O-O {[%clk 1:33:22]} 10. Nf3
{[%clk 1:33:58]} Re8 {[%clk 1:32:05]} 11. Qc2 {[%clk 1:01:00]} Na6
{[%clk 1:29:45]} 12. Bxa6 {[%clk 0:57:09]} bxa6 {[%clk 1:30:01]} 13. O-O
{[%clk 0:56:55]} Rb8 {[%clk 1:24:08]} 14. Nd2 {[%clk 0:43:50]} Bd4+
{[%clk 1:17:46]} 15. Kh1 {[%clk 0:42:41]} Nf6 {[%clk 1:16:55]} 16. Ra3
{[%clk 0:37:24]} Bg4 {[%clk 1:04:07]} 17. Qd3 {[%clk 0:21:45]} Nh5
{[%clk 0:46:26]} 18. Nf3 {[%clk 0:16:25]} Bg7 {[%clk 0:27:26]} 19. Re1
{[%clk 0:03:46]} Bxf3 {[%clk 0:23:43]} 20. Qxf3 {[%clk 0:03:54]} Bd4
{[%clk 0:16:05]} 21. Rf1 {[%clk 0:00:45]} Qe7 {[%clk 0:09:19]} 22. Re1
{[%clk 0:00:40]} Nf6 {[%clk 0:05:37]} 23. e5 {[%clk 0:00:43]} dxe5
{[%clk 0:05:24]} 24. fxe5 {[%clk 0:01:09]} Bxe5 {[%clk 0:05:11]} 25. Bg5
{[%clk 0:01:28]} Qd6 {[%clk 0:05:00]} 26. Rf1 {[%clk 0:01:33]} Rb7
{[%clk 0:03:53]} 27. Raa1 {[%clk 0:00:47]} Nh5 {[%clk 0:02:09]} 28. g4
{[%clk 0:00:43]} Ng7 {[%clk 0:02:29]} 29. Ne4 {[%clk 0:01:04]} Qb6
{[%clk 0:02:13]} 30. Rae1 {[%clk 0:01:04]} Rc8 {[%clk 0:01:52]} 31. d6
{[%clk 0:01:08]} Rd7 {[%clk 0:01:36]} 32. Bf6 {[%clk 0:01:17]} Bxd6
{[%clk 0:01:20]} 33. Bxg7 {[%clk 0:01:32]} Kxg7 {[%clk 0:01:43]} 34. Qf6+
{[%clk 0:01:50]} Kg8 {[%clk 0:02:04]} 35. Rd1 {[%clk 0:01:19]} Rcd8
{[%clk 0:02:06]} 36. Nxd6 {[%clk 0:01:16]} Rxd6 {[%clk 0:01:26]} 37. Qxf7+
{[%clk 0:01:42]} Kh8 {[%clk 0:01:54]} 38. Rde1 {[%clk 0:01:55]} Qc6+
{[%clk 0:01:13]} 39. Kg1 {[%clk 0:02:15]} R6d7 {[%clk 0:01:20]} 40. Re8+
{[%clk 0:32:24]} Rxe8 {[%clk 0:31:36]} 41. Qxe8+ {[%clk 0:32:50]} Kg7
{[%clk 0:31:53]} 42. Qf8# {[%clk 0:33:05]} 1-0

[Event "eytcc"]
[Site "?"]
[Date "2017.08.22"]
[Round "6.41"]
[White "Rudecki, Bartosz"]
[Black "De Waele, Warre"]
[Result "1-0"]
[BlackElo "2168"]
[WhiteElo "1884"]
[LiveChessVersion "1.4.4"]

1. e4 e5 2. Nf3 Nc6 3. Bc4 Bc5 4. b4 Bxb4 5. c3 Ba5 6. d4 b5 7. Bxb5 Nxd4 8. Nxd4
exd4 9. O-O Bxc3 10. Nxc3 dxc3 11. Qg4 Qf6 12. Ba3 Rb8 13. e5 1-0

[Event "eytcc"]
[Site "?"]
[Date "2017.08.22"]
[Round "6.42"]
[White "Boudry, William"]
[Black "Swider, Pawel"]
[Result "1/2-1/2"]
[BlackElo "1918"]
[WhiteElo "1965"]
[LiveChessVersion "1.4.4"]

1. d4 Nf6 2. Bf4 d5 3. e3 Bf5 4. c4 c6 5. Nc3 e6 6. Qb3 Qb6 7. c5 Qxb3 8. axb3
Nbd7 9. h3 Be7 10. b4 O-O 11. Nf3 a6 12. Be2 Ne4 13. O-O h6 14. Ra3 g5 15. Bh2
Bg6 16. Nxe4 Bxe4 17. Nd2 Nf6 18. Nb3 Rad8 19. Rfa1 Bc2 20. Nd2 Rd7 21. Nf3 Rc8
22. Re1 Rdd8 23. Bd3 Bxd3 24. Rxd3 Ne4 25. Ne5 Kg7 26. Nf3 Rf8 27. Nd2 Nxd2 28.
Rxd2 f5 29. Be5+ Kg6 30. g4 h5 31. Kg2 Rf7 32. f3 Bf6 33. Bd6 hxg4 34. hxg4 Rh8
35. Bg3 1/2-1/2

[Event "eytcc"]
[Site "?"]
[Date "2017.08.22"]
[Round "6.43"]
[White "Gazda, Dominik"]
[Black "De Bock, Thijs"]
[Result "1-0"]
[BlackElo "1951"]
[WhiteElo "1438"]
[LiveChessVersion "1.4.4"]

1. e4 c5 2. Nf3 d6 3. d4 cxd4 4. Nxd4 Nf6 5. Nc3 g6 6. Be3 Bg7 7. f3 O-O 8. Qd2
{[%clk 1:30:05]} Nc6 {[%clk 1:33:51]} 9. O-O-O {[%clk 1:26:24]} d5
{[%clk 1:34:16]} 10. Nxc6 {[%clk 1:21:55]} bxc6 {[%clk 1:34:39]} 11. Bh6
{[%clk 1:21:46]} Rb8 {[%clk 1:32:11]} 12. Bxg7 {[%clk 1:21:06]} Kxg7
{[%clk 1:31:19]} 13. Qd4 {[%clk 1:21:03]} Qa5 {[%clk 1:28:44]} 14. a3
{[%clk 1:14:38]} Be6 {[%clk 1:24:54]} 15. exd5 {[%clk 1:11:55]} cxd5
{[%clk 1:24:41]} 16. g4 {[%clk 1:12:17]} Kg8 {[%clk 1:24:16]} 17. g5
{[%clk 1:12:10]} Nd7 {[%clk 1:23:26]} 18. h4 {[%clk 1:03:15]} Rb7
{[%clk 1:20:33]} 19. h5 {[%clk 1:00:04]} Rfb8 {[%clk 1:20:51]} 20. hxg6
{[%clk 0:59:45]} fxg6 {[%clk 1:21:02]} 21. Bb5 {[%clk 0:57:31]} Rxb5
{[%clk 1:20:47]} 22. Rxh7 {[%clk 0:57:12]} Kxh7 {[%clk 1:20:02]} 23. Rh1+
{[%clk 0:57:36]} Bh3 {[%clk 1:20:25]} 24. Rxh3+ {[%clk 0:58:00]} Kg8
{[%clk 1:20:49]} 25. Qh8+ {[%clk 0:54:42]} Kf7 {[%clk 1:21:15]} 26. Rh7+
{[%clk 0:54:50]} Ke6 {[%clk 1:21:39]} 27. Qg7 {[%clk 0:55:07]} Qd8
{[%clk 1:16:20]} 28. Qxg6+ {[%clk 0:54:53]} Ke5 {[%clk 1:16:04]} 29. f4+ Kxf4
{[%clk 1:16:29]} 30. Qe6 {[%clk 0:41:42]} Qb6 {[%clk 1:01:41]} 31. Rh4+
{[%clk 0:41:33]} Kxg5 {[%clk 1:01:40]} 32. Rg4+ {[%clk 0:41:55]} Kh5
{[%clk 1:02:02]} 33. Qf5+ {[%clk 0:42:04]} Kh6 {[%clk 1:02:28]} 34. Rh4+
{[%clk 0:42:19]} Kg7 {[%clk 1:02:53]} 35. Rh7+ {[%clk 0:42:44]} Kg8
{[%clk 1:03:20]} 36. Qf7# 1-0

[Event "eytcc"]
[Site "?"]
[Date "2017.08.22"]
[Round "6.44"]
[White "Van Malder, Dries"]
[Black "Winter, Anna"]
[Result "1-0"]
[BlackElo "1561"]
[WhiteElo "1916"]
[LiveChessVersion "1.4.4"]

1. d4 d5 2. c4 c6 3. Nf3 Nf6 4. Nc3 e6 5. Bg5 Be7 6. e3 O-O 7. Bd3 dxc4 8. Bxc4
Nbd7 9. O-O b6 10. Qb3 Bb7 11. Rfd1 Nd5 12. Bxe7 Qxe7 13. e4 N5f6 14. e5 Nd5 15.
Ne4 Rfd8 16. Nd6 Nf8 17. Rac1 Ng6 18. Bd3 Ngf4 19. a3 Qd7 20. Qc2 Nxd3 21. Rxd3
Ne7 22. Ng5 Ng6 23. Ngxf7 Rf8 24. Nxb7 Qxb7 25. Nd6 Qa6 26. Rc3 c5 27. Rc4 b5 28.
Rxc5 Rab8 29. g3 Ne7 30. Qb3 Nd5 31. Rxd5 exd5 32. Qxd5+ Kh8 33. Nf7+ Kg8 34.
Nh6+ Kh8 35. Qg8+ 1-0

[Event "eytcc"]
[Site "?"]
[Date "2017.08.23"]
[Round "7.1"]
[White "Ozer, Omer Faruk"]
[Black "Kollars, Dmitrij"]
[Result "0-1"]
[BlackElo "2514"]
[WhiteElo "2411"]
[LiveChessVersion "1.4.4"]

1. e4 {[%clk 1:30:57]} e5 {[%clk 1:30:52]} 2. Nc3 {[%clk 1:31:20]} Nf6
{[%clk 1:31:01]} 3. g3 {[%clk 1:31:28]} d5 {[%clk 1:30:59]} 4. exd5
{[%clk 1:31:47]} Nxd5 {[%clk 1:31:22]} 5. Bg2 {[%clk 1:32:08]} Nxc3
{[%clk 1:31:31]} 6. bxc3 {[%clk 1:32:20]} Bc5 {[%clk 1:31:23]} 7. Ne2
{[%clk 1:31:45]} Nc6 {[%clk 1:31:00]} 8. O-O {[%clk 1:31:25]} O-O
{[%clk 1:31:10]} 9. d3 {[%clk 1:29:42]} Bg4 {[%clk 1:30:40]} 10. h3
{[%clk 1:27:50]} Be6 {[%clk 1:30:34]} 11. Be3 {[%clk 1:19:51]} Bb6
{[%clk 1:27:31]} 12. c4 {[%clk 1:17:39]} Qd7 {[%clk 1:24:13]} 13. Kh2
{[%clk 1:17:54]} Rad8 {[%clk 1:18:03]} 14. Rb1 {[%clk 1:14:15]} Bxe3
{[%clk 1:13:02]} 15. fxe3 {[%clk 1:14:36]} b6 {[%clk 1:12:03]} 16. Nc3
{[%clk 1:07:49]} Ne7 {[%clk 1:03:53]} 17. Qh5 {[%clk 0:59:30]} f5
{[%clk 1:00:27]} 18. e4 {[%clk 0:56:51]} Rf6 {[%clk 0:45:37]} 19. exf5
{[%clk 0:49:50]} Nxf5 {[%clk 0:44:56]} 20. Bd5 {[%clk 0:49:20]} Rdf8
{[%clk 0:36:11]} 21. Ne4 {[%clk 0:23:48]} Rh6 {[%clk 0:36:07]} 22. Qg4
{[%clk 0:23:54]} Rg6 {[%clk 0:32:51]} 23. Qf3 {[%clk 0:22:15]} Rf7
{[%clk 0:31:23]} 24. Nc5 {[%clk 0:17:20]} Bxd5 {[%clk 0:27:57]} 25. cxd5
{[%clk 0:08:25]} Qe7 {[%clk 0:24:57]} 26. Ne4 {[%clk 0:05:20]} Nd6
{[%clk 0:23:22]} 27. Qg2 {[%clk 0:05:44]} Nxe4 {[%clk 0:23:26]} 28. dxe4
{[%clk 0:03:46]} Rgf6 {[%clk 0:22:55]} 29. Qe2 {[%clk 0:01:24]} Qa3
{[%clk 0:18:56]} 30. Rxf6 {[%clk 0:01:12]} Rxf6 {[%clk 0:19:18]} 31. Rb3
{[%clk 0:00:46]} Qxa2 {[%clk 0:17:35]} 32. Kg2 {[%clk 0:00:51]} Qa4
{[%clk 0:15:30]} 33. Rc3 {[%clk 0:01:00]} Qd7 {[%clk 0:15:10]} 34. Qa6
{[%clk 0:00:52]} h6 {[%clk 0:11:42]} 35. Rf3 {[%clk 0:00:36]} Rxf3 36. Kxf3
{[%clk 0:01:05]} Qxh3 {[%clk 0:09:20]} 37. Qa4 {[%clk 0:00:34]} Qh5+
{[%clk 0:08:45]} 38. Ke3 {[%clk 0:00:52]} a5 {[%clk 0:07:07]} 39. Qc6
{[%clk 0:00:46]} Qg5+ {[%clk 0:07:03]} 40. Kd3 {[%clk 0:30:53]} Qe7
{[%clk 0:34:47]} 41. c3 {[%clk 0:25:11]} Kf7 {[%clk 0:30:49]} 42. Kc2
{[%clk 0:24:43]} Qd6 {[%clk 0:30:16]} 43. Qa8 {[%clk 0:25:11]} Qd7
{[%clk 0:28:39]} 44. Qa7 {[%clk 0:24:40]} h5 {[%clk 0:27:37]} 45. Qa8
{[%clk 0:24:58]} Kg6 {[%clk 0:24:18]} 46. Kd2 {[%clk 0:18:20]} a4
{[%clk 0:21:52]} 47. Ke3 {[%clk 0:17:13]} b5 {[%clk 0:21:02]} 48. Kd3
{[%clk 0:17:31]} Kh7 {[%clk 0:20:07]} 49. Kd2 {[%clk 0:17:21]} Qe7
{[%clk 0:16:14]} 50. Kc2 {[%clk 0:17:45]} Qf7 {[%clk 0:15:15]} 51. Qa7
{[%clk 0:17:24]} Qf3 {[%clk 0:14:52]} 52. Qxc7 {[%clk 0:16:13]} Qxe4+
{[%clk 0:15:18]} 53. Kc1 {[%clk 0:16:38]} Qxd5 {[%clk 0:15:27]} 54. Qc8
{[%clk 0:17:00]} e4 {[%clk 0:15:42]} 55. Qe8 {[%clk 0:16:31]} a3 {[%clk 0:15:06]}
56. Kc2 {[%clk 0:16:31]} a2 {[%clk 0:13:43]} 57. Kb2 {[%clk 0:16:59]} Qd2+
{[%clk 0:13:39]} 58. Ka1 {[%clk 0:17:26]} Qxc3+ {[%clk 0:13:40]} 59. Kxa2
{[%clk 0:17:55]} Qc4+ {[%clk 0:13:34]} 60. Kb2 {[%clk 0:18:23]} Qd5
{[%clk 0:13:35]} 61. Kc3 {[%clk 0:18:05]} Kh6 {[%clk 0:13:32]} 62. Qh8+
{[%clk 0:18:29]} Kg6 {[%clk 0:13:54]} 63. Qe8+ {[%clk 0:18:57]} Kg5
{[%clk 0:13:35]} 64. Qe7+ {[%clk 0:19:25]} Kh6 {[%clk 0:13:54]} 65. Qe8
{[%clk 0:18:42]} Qc4+ {[%clk 0:13:40]} 66. Kb2 {[%clk 0:19:10]} Qd4+
{[%clk 0:13:49]} 67. Ka2 {[%clk 0:19:25]} b4 {[%clk 0:10:45]} 68. Qe6+
{[%clk 0:19:24]} g6 {[%clk 0:10:30]} 69. Qf7 {[%clk 0:19:28]} e3 {[%clk 0:10:28]}
70. Qf8+ {[%clk 0:19:50]} Kg5 {[%clk 0:10:25]} 71. Qe7+ {[%clk 0:20:19]} Kf5
{[%clk 0:10:02]} 72. Qf7+ {[%clk 0:20:42]} Qf6 {[%clk 0:09:44]} 73. Qd5+
{[%clk 0:21:03]} Qe5 {[%clk 0:09:49]} 74. Qf7+ {[%clk 0:20:27]} Kg5
{[%clk 0:10:02]} 75. Qf8 {[%clk 0:20:55]} e2 {[%clk 0:10:00]} 76. Qd8+
{[%clk 0:21:18]} Kg4 {[%clk 0:09:43]} 77. Qh4+ {[%clk 0:21:28]} Kf3
{[%clk 0:09:53]} 78. Qh1+ {[%clk 0:21:47]} Ke3 {[%clk 0:09:55]} 79. Qg1+
{[%clk 0:22:14]} Kd2 {[%clk 0:10:07]} 0-1